000 005350000a22001810004500
001 768714001
003 CO-MdFUSB
005 20170505105359.0
008 170505s1997 sp ||||| |||| 00| 0 spa d
040 _aCO-MdFUSB
_bspa
_cCO-MdFUSB
_dCO-MdFUSB
041 _aspa
100 1 _aPark, S. Stuart (1946-)
245 1 0 _aEl graduado y la cultura
300 _aVolumen 1, (1997) Páginas 37 - 51
_c21 cm.
546 _aTexto en español
773 0 _tAndamio
_049451
_960435
_gVolumen 1, (1997) Páginas 37 - 51
_qPágina 37
942 _cANA
999 _c49822
_d49822